Tilastot visalle Satunnaisia Maailman Lippuja #4

Klikkaa tästä pelataksesi tätä visaa!

Yleistilastot

  • Tätä visaa on pelattu 15 kertaa
  • Keskiarvotulos 10 / 16

Vastaustilastot

Vastaus% Oikein
Bosnia ja hertsegovina
90%
Suomi
90%
Barbados
80%
Saudi arabia
80%
Benin
70%
Fidzi
70%
Mongolia
70%
Samoa
70%
Uganda
70%
Bolivia
60%
Palau
60%
San marino
60%
Mauritius
50%
Mikronesia
50%
Togo
50%
Arabaemiirikunnat
0%

Tulosjakauma

Persentiili vastausten määrän mukaan

Jokaisen tuloksen saaneiden osuus

Tuloshistoriasi

Et ole pelannut tätä visaa